| 000 | 00789nam a22002537a 4500 | ||
|---|---|---|---|
| 001 | 25492 | ||
| 005 | 20260428165248.0 | ||
| 008 | 260427b |||||||| |||| 00| 0 spa d | ||
| 020 | _a9786124200779 | ||
| 041 | _aESP | ||
| 082 |
_a320.985 _bCH243 |
||
| 100 | _aChehade Moya, Omar | ||
| 245 |
_aLa gran usurpación : _bmemorias del gobierno |
||
| 250 | _aPrimera edición | ||
| 260 |
_aLima : _bAdrus D&L Editores, _c2016 |
||
| 300 |
_a297 páginas : _bilustraciones ; _c20 cm. |
||
| 440 | _a ; | ||
| 650 | _aCIS | ||
| 653 | _aCiencia política, Perú; Política y gobierno, usurpación, Perú; Políticos, Perú | ||
| 654 | _aCDE | ||
| 700 | _a; | ||
| 856 |
_uhttps://itmsp.museknowledge.com/UCSP?groupID=2 _zVéase además: Biblioteca digital |
||
| 942 |
_cLIB _dJUS _fMIP _n0 _2ddc |
||
| 999 |
_c25492 _d25492 |
||